| 000 | 00530nam a22001937a 4500 | ||
|---|---|---|---|
| 003 | KOHA_MİRAKIL | ||
| 005 | 20251114142754.0 | ||
| 008 | 251114b tu ||||| |||| 00| 0 tur d | ||
| 020 | _a9789752207356 | ||
| 040 |
_aTR-AnABB _btur _cTR-AnABB |
||
| 041 | _atur | ||
| 082 |
_a833.8 _bSTE 2022 |
||
| 100 | 1 | _aZweig, Stefan, | |
| 245 | 1 | 0 |
_aOlağanüstü bir gece / _cStefan Zweig |
| 260 |
_aAnkara : _bBilgitek Yayınları, _c2022 |
||
| 300 |
_a87 sayfa ; _c20 cm |
||
| 650 | 0 | 4 | _aAlman edebiyatı, roman |
| 942 |
_2ddc _cBK |
||
| 999 |
_c9396 _d9396 |
||
| 900 | _bGizem YORULMAZ | ||